000 00201 a2200109 4500
020 _a9788498253320
041 _aspa
100 _aRoberto Alioga
245 _aEl Cangrejo
942 _cBK
952 _74
999 _c20624
_d20624